000 00856nam a2200265 i 4500
003 DO-SdBNP
005 20230817120509.0
007 ta
008 220113e200- dr |||frf||| 000 0 spa d
020 _a
040 _aDO-SdBNP
_bspa
_cBNPHU
082 4 _222
_bO69s
_axxx
245 0 0 _aOrientaciones y lista de prestadores de servicios de salud:
_brégimen contributivo /
264 1 _aSanto Domingo :
_bSENASA,
_c[2007.]
300 _a126 páginas
_c21 cm.
336 _2rdacontent
_atexto
_btxt
337 _2rdamedia
_asin mediación
_bn
338 _2rdacarrier
_avolumen
_bnc
590 _aInventariado 2023 / YL
610 0 _980927
_aSeguro Nacional de Salud (SENASA)
_zRepública Dominicana
610 0 _969660
_aARS Senasa (República Dominicana)
710 1 _aSeguro Nacional de Salud (SENASA)
_980927
910 _aYLockward
942 _2ddc
_cLBS1
999 _c54447
_d54447